000 00461nam a2200145Ia 4500
008 100204s9999 xx 000 0 und d
082 _b3288
100 _aगवाणकर गंगाराम
245 _aवस्त्रहरण
260 _b"ललित नाटय प्रकाशन , मुंबई"
_c1979 6
300 _a93
630 _aवस्त्रहरण
730 _aवस्त्रहरण
942 _cBOOK
999 _c448249
_d448246